Sanat - "Hima taas" - Atomirotta - Statistics

Yleistilastot
  • Tätä visaa on pelattu 7 kertaa
  • Keskiarvotulos 74 / 122
Vastaustilastot
Vastaus % Oikein
hima
100%
huutaa
100%
keinuttaa
100%
lautta
100%
mun
100%
on
100%
silakkaa
100%
stadi
100%
Stadi
100%
Suomenlinnan
100%
tää
100%
täältä
100%
Täältä
100%
taas
100%
Torimummo
100%
83%
83%
83%
Vettä
83%
vettä
83%
ei
67%
Ei
67%
Hieno
67%
Ja
67%
Kallioon
67%
kauas
67%
kautta
67%
lähdit
67%
lähteväsi
67%
Niin
67%
ollu
67%
päivä
67%
pois
67%
sanoit
67%
sulle
67%
Astun
50%
aurinkoon
50%
botskilla
50%
Dallaan
50%
illalla
50%
jalassa
50%
kaipaan
50%
Kuivaa
50%
Kun
50%
majakan
50%
pystyssä
50%
raitsikasta
50%
Rööperistä
50%
sua
50%
suuta
50%
sykkivät
50%
tänään
50%
Terassit
50%
Valtamerten
50%
Aidan
33%
ilta
33%
junia
33%
kiljuu
33%
Kirpparit
33%
Koffin
33%
kohti
33%
kulmilla
33%
Kumpulaan
33%
kuuta
33%
Kytät
33%
maalaamaan
33%
mä kaipaan
33%
puistossa
33%
shortsit
33%
Sit
33%
Skidit
33%
Stadikan
33%
Suokkii
33%
Töölönlahdella
33%
tornilla
33%
valoon
33%
Vesi
33%
vuoristoradassa
33%
yli
33%
Gimmoilla
17%
kärisee
17%
Katugrillit
17%
partioi
17%
patsaalla
17%
Ratapihalle
17%
Skeittarit
17%
suihkuu
17%
tsimmaamaan
17%
Tuoksuva
17%
värisee
17%
Ehtoja vastaavia visoja ei löytynyt
Tulosjakauma
Jokaisen tuloksen saaneiden osuus
Persentiili vastausten määrän mukaan
Tuloshistoriasi
Et ole pelannut tätä visaa